Meno male! (Record no. 73696)

MARC details
000 -LÍDER
campo de controle de tamanho fixo 00358 a2200169 4500
001 - NÚMERO DE CONTROLE
campo de controle 73696
020 ## - ISBN - INTERNATIONAL STANDARD BOOK NUMBER
ISBN - International Standard Book Number 8526216023
040 ## - FONTE DA CATALOGAÇÃO
Instituição que transcreveu o registro Anchieta - Colégio São Paulo
100 ## - ENTRADA PRINCIPAL--NOME PESSOAL
Nome pessoal Oliveira, Juca de
240 10 - TÍTULO UNIFORME
Título uniforme Meno male!
Idioma da obra por
245 10 - TÍTULO
Título Meno male!
300 ## - DESCRIÇÃO FÍSICA
Extensão 78
362 0# - DATAS DE PUBLICAÇÃO E/OU DESIGNAÇÃO SEQUENCIAL
Datas de publicação e/ou designação sequencial 1989
440 #1 - DECLARAÇÃO DE SÉRIE/ENTRADA ADICIONADA--TÍTULO
Título Scipione
650 #4 - ASSUNTO--TERMO TÓPICO
Cabeçalho tópico ou nome geográfico Teatro brasileiro
942 ## - ELEMENTOS DE ENTRADA ADICIONADOS (KOHA)
Tipo de material Koha Livros
Holdings
Situação do descarte Situação das perdas Situação física Não pode ser emprestado Biblioteca de origem Biblioteca atual Data de aquisição Total de empréstimos Código de barras Data de último acesso Data do preço efetivo Tipo de material Koha
        Colégio São Paulo Colégio São Paulo 22/11/2023   3998/CSP 22/11/2023 22/11/2023 Livros
        Colégio São Paulo Colégio São Paulo 22/11/2023   3999/CSP 22/11/2023 22/11/2023 Livros